000 00725nam a2200265Ia 4500
003 OSt
005 20221006152205.0
006 a|||||r|||| 00| 0
007 ta
008 221006b |||||||| |||| 00| 0 jpn d
020 _cY1200
024 _a25,382
037 _bGift, Japan Foundation
_cTextual
040 _aEASL
_cEASL
_bjpn
041 _2jpn
_ajpn
082 _aP42,9, M7(FMU)
100 _aEZOE Takahide
_9647025
245 0 _aGaikokujin ni oshieru nihongo bunpo nyumon
260 _aTokyo
_bSotakusha Japan
_c1987
300 _a256p.
_ccm.
650 _a JL
650 _aFMU
942 _hP42,9, M7(FMU)
_cTEXL
_2CC
999 _c1093468
_d1093468